Memoria para la Biblioteca Nacional, en el presente año, 1874 / (Record no. 181372)

MARC details
000 -LEADER
campo de control de longitud fija 00786nam a2200217 i 4500
001 - NÚMERO DE CONTROL
campo de control 181372
003 - IDENTIFICADOR DE NÚMERO DE CONTROL
campo de control ES-MaACL
005 - FECHA Y HORA DE LA ÚLTIMA TRANSACCIÓN
campo de control 20250716052853.0
008 - DATOS DE LONGITUD FIJA--INFORMACIÓN GENERAL
campo de control de longitud fija 121220s1874 sp |||| | spa d
080 ## - NÚMERO DE LA CLASIFICACIÓN DECIMAL UNIVERSAL
Número de la Clasificación Decimal Universal 027(460.27 M)
110 2# - ENTRADA PRINCIPAL--NOMBRE DE ENTIDAD CORPORATIVA
Nombre de entidad corporativa o nombre de jurisdicción como elemento de entrada Biblioteca Nacional (España)
9 (RLIN) 2188
245 10 - MENCIÓN DEL TÍTULO
Título Memoria para la Biblioteca Nacional, en el presente año, 1874 /
Mención de responsabilidad, etc. [Cayetano Rosell].
260 ## - PUBLICACIÓN, DISTRIBUCIÓN, ETC.
Lugar de publicación, distribución, etc. Madrid :
Nombre del editor, distribuidor, etc. [s.n.],
Fecha de publicación, distribución, etc. 1874 (
Fabricante Imp. de Aribau)
300 ## - DESCRIPCIÓN FÍSICA
Extensión 39 p. ;
Dimensiones 27 cm.
597 ## - NOTA DE DESCRIPCIÓN FÍSICA
NOTA DE DESCRIPCIÓN FÍSICA Port. con grab. xil.
610 24 - PUNTO DE ACCESO ADICIONAL DE MATERIA--NOMBRE DE ENTIDAD CORPORATIVA
Nombre de entidad corporativa o nombre de jurisdicción como elemento de entrada Biblioteca Nacional (España)-
Subdivisión de forma Memorias.
9 (RLIN) 138862
700 1# - ENTRADA AGREGADA--NOMBRE PERSONAL
Nombre de persona Rosell, Cayetano,
Fechas asociadas al nombre 1817-1883
9 (RLIN) 99681
852 4# - LOCALIZACIÓN
Ubicación ES-MaACL
Número de control de estantería T-162-F-4
Nota libre - Enc. hol. en un vol. facticio
852 4# - LOCALIZACIÓN
Ubicación ES-MaACL
Número de control de estantería T-389-F-12
Nota libre - Enc. hol. en un vol. facticio
Holdings
Estatus retirado Estado de pérdida Estado de daño No para préstamo Colección Biblioteca de origen Biblioteca actual Ubicación en estantería Fecha de adquisición Total de préstamos Signatura topográfica completa Código de barras Visto por última vez Precio de reemplazo Tipo de ítem Koha
        Colección de folletos Biblioteca del Ateneo de Madrid Biblioteca del Ateneo de Madrid Depósito folletos 20/12/2012   T-389-F-12 1190606 23/02/2023 23/02/2023 Folleto
        Colección de folletos Biblioteca del Ateneo de Madrid Biblioteca del Ateneo de Madrid Depósito folletos 20/12/2012   T-162-F-4 1190605 23/02/2023 23/02/2023 Folleto